Launch of innovative housing standard (Record no. 77064)
[ view plain ]
| 000 -LEADER | |
|---|---|
| fixed length control field | 01147cab a2200193 4500 |
| 001 - CONTROL NUMBER | |
| control field | ##L133528 |
| 008 - FIXED-LENGTH DATA ELEMENTS--GENERAL INFORMATION | |
| fixed length control field | 060516n2006 000 0 eng u |
| 035 ## - SYSTEM CONTROL NUMBER | |
| System control number | (Sirsi) u133528 |
| 041 0# - LANGUAGE CODE | |
| Language code of text/sound track or separate title | eng |
| 245 00 - TITLE STATEMENT | |
| Title | Launch of innovative housing standard |
| 260 ## - PUBLICATION, DISTRIBUTION, ETC. | |
| Date of publication, distribution, etc. | 2006 |
| 490 #0 - SERIES STATEMENT | |
| Series statement | Constructing the Future |
| Volume/sequential designation | (28) Summer 2006, 4(1) |
| 520 ## - SUMMARY, ETC. | |
| Summary, etc. | Reports on LPS 2020, a new certification standard for manufacturers of innovative residential building systems. It has been developed by BRE, and is supported by the Association of British Insurers and the Council of Mortgage Lenders; it covers all innovative systems regardless of type, material or form of construction, and deals with such performance characteristics as durability, resilience and ease of repair. It is hoped that LPS 2020 will stimulate the growth of the market in innovative building systems, which has been hampered by the fact that many designs are unproven, and therefore not acceptable to insurers or mortgage lenders. |
| 590 ## - LOCAL NOTE (RLIN) | |
| Local note | IKA230506 NTK |
| 650 24 - SUBJECT ADDED ENTRY--TOPICAL TERM | |
| Topical term or geographic name entry element | LPS 2020: 2006 |
| 651 #4 - SUBJECT ADDED ENTRY--GEOGRAPHIC NAME | |
| Geographic name | United Kingdom |
| Chronological subdivision | |
| 690 ## - LOCAL SUBJECT ADDED ENTRY--TOPICAL TERM (OCLC, RLIN) | |
| Topical term or geographic name as entry element | BUILT ENVIRONMENT-BUILDING STANDARDS |
| 942 ## - ADDED ENTRY ELEMENTS (KOHA) | |
| Suppress in OPAC | 0 |
| Withdrawn status | Lost status | Source of classification or shelving scheme | Damaged status | Not for loan | Home library | Current library | Shelving location | Date acquired | Total Checkouts | Full call number | Barcode | Date last seen | Copy number | Price effective from | Koha item type |
|---|---|---|---|---|---|---|---|---|---|---|---|---|---|---|---|
| Dewey Decimal Classification | London | London | Journal article | 16/05/2006 | L133528 | 133528-1001 | 06/08/2019 | 1 | 06/08/2019 | Journal article |